| 000 | 00685nam a22002417a 4500 | ||
|---|---|---|---|
| 003 | UA-OsUOA | ||
| 001 | 20989 | ||
| 007 | ta | ||
| 008 | 20031110b un ||||| |||| 00| 0 ukr d | ||
| 090 |
_a82-94 _bТ15 |
||
| 942 | _cBK | ||
| 040 |
_aUA-OsUOA _brus _cUA-OsUOA _dUA-OsUOA |
||
| 245 |
_aТак зарорждалось братство: Воспоминания _cСост. В. А.КвитинскийСвятогоров А. П. |
||
| 300 |
_a421 с. _bІлюстрації |
||
| 955 | _a0 | ||
| 041 | _arus | ||
| 080 | _a82-94 | ||
| 020 | _a5-319-00467-2 | ||
| 260 |
_aКиев _bПолитиздат Украины _c1990 |
||
| 044 | _aUA | ||
| 650 | 7 | _2UDC | |
| 999 |
_c307179 _d307179 |
||